000 00570nam a2200217Ia 4500
003 OSt
005 20220926044519.0
006 a|||||r|||| 00| 0
007 ta
008 220923b |||||||| |||| 00| 0 eng d
037 _cGeneral Book
040 _aRTL
_cRTL
_beng
041 _2eng
_aeng
082 _aU8.26235.N1, D5
100 _aBlechynden Kathleen
_9349110
245 0 _aCalcutta past and present
260 _c1905
650 _aTravels
_9238248
942 _hU8.26235.N1, D5
_cGB
_2CC
999 _c675050
_d675050